Bordering Brazil on a Map Quiz Stats

 Plays Quiz Updated Sep 3, 2017

Challenge
Share
Tweet
Score 0/10 Timer 02:00
6 Plays Today
% Correct
Argentina
96.1%
Peru
94.3%
Paraguay
93.4%
Colombia
93.2%
Uruguay
92.8%
Venezuela
91.9%
Bolivia
91.7%
Suriname
89.1%
Guyana
86.2%
France/French Guiana
73.7%

You're not logged in!

Compare scores with friends on all Sporcle quizzes.
OR
Log In

You Might Also Like...

Show Comments

Extras

Top Quizzes Today


Score Distribution

Your Account Isn't Verified!

In order to create a playlist on Sporcle, you need to verify the email address you used during registration. Go to your Sporcle Settings to finish the process.

Report this User

Report this user for behavior that violates our Community Guidelines.

Details: